Technológia montáži 3 pre 4. ročník stredných odborných učilíšť

Bibliographic Details
Main Author: Kříž, Rudolf (Author)
Other Authors: Koleň, Jozef (Translator)
Format: Book
Language:Slovak
Czech
PhysicalDescription:242 strán schémy, tabuľky 21 cm
Published: Bratislava Alfa-press 2002
ISBN:8089004504
Edition:2. vydanie
Subjects:

MARC

LEADER 00000cam a2200000 a 4500
001 vtls001446075
003 SK-MaSNL
005 20260301013655.0
008 240226s2002 xo l drn p 000 0 slo
015 |a SNBA2003/05-01341 
020 |a 8089004504 
035 |a SNK000401312 
035 |a urn:nbn:sk:snk-am3j0gk 
035 |a BD9BDCC3-860A-4042-8178-0534E8A5CD55 
035 |a urn:nbn:sk:snk-am00ggbn 
040 |a SNK  |b slo  |c SNK  |e AACR2 
041 1 |a slo  |h cze 
044 |a xo  |c SK 
072 7 |a 621  |x Strojárstvo  |2 konspekt 
080 |a 62-1/-9  |2 2011 
080 |a 621:338.45  |2 2011 
080 |a (075.3)  |2 2011 
080 |a 621.7/.9  |2 2011 
100 1 |a Kříž, Rudolf  |4 aut  |9 45070 
240 1 0 |a Technologie montáži 3  |l Slovensky 
245 1 0 |a Technológia montáži 3 pre 4. ročník stredných odborných učilíšť  |c Rudolf Kříž a kolektív ; z českého originálu preložil Jozef Koleň 
250 |a 2. vydanie 
260 |a Bratislava  |b Alfa-press  |c 2002 
300 |a 242 strán  |b schémy, tabuľky  |c 21 cm 
500 |a Celkové 4. vydanie 
504 |a Bibliografia na strane 238 
650 0 7 |a stroje  |2 SNKPH  |9 3551 
650 0 7 |a strojárska výroba  |2 SNKPH  |9 66917 
650 0 7 |a strojárska technológia  |2 SNKPH  |9 65980 
655 7 |a učebnice učňovských škôl  |2 SNKPH  |9 166734 
700 1 |a Koleň, Jozef  |4 trl  |9 293910 
919 |a 80-89004-50-4 
958 |a OP 
958 |a NS 
958 |a CZ 
958 |a UC 
958 |a NB 
958 |a OND 
968 |b ČES 
999 |c 556691  |d 558621 
952 |a SNK  |b SNK  |y PREZ  |7 0  |p 17A0367729  |o snkSC 110186  |i snkKSP 15059/2002  |0 0  |1 0  |4 0  |d 2002-12-11  |f 1  |l 0  |r 2025-09-30 00:00:00  |w 2026-02-23 
952 |a SNK  |b SNK  |y VYP  |7 0  |p 17A0367730  |o snkSC 110186 D1  |i snkKSP 15067/2002  |0 0  |1 0  |4 0  |d 2002-12-11  |l 0  |r 2005-01-02 00:00:00  |w 2026-02-23